000 00751nam a2200289Ia 4500
005 20260324111449.0
008 008 260324s9999 xx 000 0 eng d
020 _a9781003527183
037 _aEBOOK
040 _aCRL
040 _beng
040 _cCRL
041 _2eng
041 _aeng
084 _qCRL
100 _aK.A. Varghese; B.R. Ranwah; Nisha Varghese; Nikhil Varghese
_91138666
245 0 _aResearch Methodology and Quantitative Techniques
245 2 _bA Guide for Interdisciplinary Research
260 _bTaylor and Francis
260 _c2025
365 _a
365 _b230
856 _uhttp://www.taylorfrancis.com/books/9781003527183
942 _cEBOOK
999 _c1727500
_d1727500